| 000 | 01090 a2200193 4500 | ||
|---|---|---|---|
| 001 | 30244 | ||
| 005 | 20260407155614.0 | ||
| 008 | 260407a1972 arg spa d | ||
| 003 | AR-UNSa-BCEJYS | ||
| 040 |
_aAR-UNSa-BCEJYS _bspa _cAR-UNSa-BCEJYS |
||
| 080 |
_a657.23 _xCompensaciones. Correcciones. Ajustes (devaluación monetaria) |
||
| 245 | 1 | 0 |
_aEmpresa e inflación _pestrategia de empresa enuna economía inflacionaria |
| 264 | 1 |
_aBuenos Aires : _bEdiciones Contabilidad Moderna _c1972 |
|
| 300 |
_a284 p. _c23 cm. |
||
| 505 | _a1. La inflación y la información contable - 2. Medición de la inflación - 3. Deflación de estados contables - 4. Análisis del ajuste por inflación - 5. Análisis de balances deflacionados - 6. Metodo aproximado de deflación - 7. Concepto de estrategia antiflacionaria - 8. Política de crédito - 9. Política de endeudamiento - 10. Activos y pasivos en moneda extranjera - 11. Política de inventarios - 12. Política de inversiones - 13. Conclusiones | ||
| 942 | _cBK | ||
| 590 | _aniveau_biblio:m niveau_hierar:0 | ||
| 100 | 1 | _aBertoletti, Mario E. | |
| 999 |
_c2065 _d2065 |
||